000 00367nam a2200133 i 4500
001 24768
003 ES-MaACL
007 t|
008 021218s1864 fr ||||1| fre d
245 0 2 _aL'Angleterre
_b: etudes sur le self-government /
_cpar M.
260 _aParis :
_bMichel Levy Freres,
_c1864.
300 _aXI, 347 p. ;
_c22 x 14 cm.
852 _aES-MaACL
_jG-10197
999 _c24768
_d24768